TV Shows Cut Off at 'H' Quiz Stats

 Plays Quiz Updated Jan 7, 2019

Support Sporcle.
Go Orange.
Score 0/24 Timer 06:00
0 Plays Today
Cut Off At 'H' TV Show % Correct
STARSKY ANDHUTCH
94.3%
TWO AND AHALF MEN
93.5%
NEW KIDS ON THE BLOCK
93%
IT'S ALWAYS SUNNY IN PHILADELPHIA
92.9%
BIG BROTHER
92.9%
GAME OF THRONES
92.1%
DESPERATEHOUSEWIVES
89.8%
MURDER, SHE WROTE
89%
CURB YOUR ENTHUSIASM
88.1%
DUKES OFHAZZARD
87.1%
FRIDAY NIGHT LIGHTS
85%
ARE YOU SMARTER THAN A 5TH GRADER?
83.6%
Cut Off At 'H' TV Show % Correct
MISTER ROGERS' NEIGHBORHOOD
82.7%
MURPHY BROWN
81.8%
LAVERNE AND SHIRLEY
81.2%
KING OF THE HILL
81.1%
AGENTS OF S.H.I.E.L.D.
78.1%
SO YOU THINK YOU CAN DANCE
78%
UNBREAKABLE KIMMY SCHMIDT
77.3%
YOUNG SHELDON
72.3%
BOJACKHORSEMAN
65.9%
THE GREAT GRAPE APE SHOW
61%
THE ADVENTURES OF OZZIE ANDHARRIET
59.5%
PLEASE DON'T EAT THE DAISIES
36.6%

From the Vault

Mental Conditions by Definition

by Flick

Science 7m
Everything we know on this quiz we learned from watching way too much House.
Remove Ads.
Support Sporcle.
Get the best of Sporcle when you Go Orange. This ad-free experience offers more features, more stats, and more fun while also helping to support Sporcle. Thank you for becoming a member.

Show Comments

Extras

Top Quizzes Today


Score Distribution

Your Account Isn't Verified!

In order to create a playlist on Sporcle, you need to verify the email address you used during registration. Go to your Sporcle Settings to finish the process.

Report this User

Report this user for behavior that violates our Community Guidelines.

Details: